letters of the alphabet (in order) - Statistics

General Stats
  • This quiz has been taken 249 times
  • The average score is 22 of 26
Answer Stats
Answer % Correct
a
99%
b
95%
e
95%
c
93%
d
91%
f
89%
g
88%
h
88%
i
85%
j
84%
o
81%
p
81%
q
81%
r
81%
s
81%
k
80%
t
80%
l
79%
m
79%
n
79%
u
79%
w
78%
y
76%
x
73%
z
73%
v
71%
No matching quizzes found
Score Distribution
Percent of People with Each Score
Percentile by Number Answered
Your Score History
You have not taken this quiz